[Event "Ivy League Challenge"]
[Site "Toronto"]
[Date "2018.11.09"]
[Round "2.2"]
[White "Zhou, Qiyu"]
[Black "Fu, James"]
[Result "1-0"]
[WhiteElo "2227"]
[BlackElo "2061"]
[PlyCount "119"]
[EventDate "2018.11.09"]
[EventType "team-tourn"]
[EventRounds "5"]
[EventCountry "CAN"]
[SourceTitle "CBM 187 Extra"]
[Source "ChessBase"]
[SourceDate "2018.11.04"]
[SourceVersion "1"]
[SourceVersionDate "2018.11.04"]
[SourceQuality "1"]
[WhiteTeam "Toronto Univ II"]
[BlackTeam "Toronto Univ"]
[WhiteTeamCountry "CAN"]
[BlackTeamCountry "CAN"]

1. e4 Nc6 2. Nf3 e5 3. Bb5 g6 4. c3 Bg7 5. d4 exd4 6. cxd4 a6 7. Ba4 Nge7 8. 0-0 b5 9. Bc2 d6 10. h3 0-0 11. Re1 h6 12. Nc3 Kh7 13. Bf4 f5 14. Qd2 Rb8 15. Rac1 fxe4 16. Bxe4 Nxd4 17. Nxd4 Bxd4 18. Qxd4 Rxf4 19. Ne2 c5 20. Qd3 Rf6 21. Rxc5 Qb6 22. Rcc1 Be6 23. Qd4 Kg7 24. Qxb6 Rxb6 25. Rc7 Kf8 26. Nd4 Bf7 27. Bb7 Nf5 28. Nc6 Re6 29. Rxf7+ Kxf7 30. Nd8+ Ke8 31. Nxe6 Rxb7 32. Nc7+ Kd7 33. Nxa6 Nd4 34. Rd1 Ne6 35. Nb4 Rc7 36. f3 Rc4 37. a3 Nf4 38. Kf2 Ke6 39. h4 Nh5 40. g3 Nf6 41. Ke3 Nh5 42. Kf2 Nf6 43. Rd3 d5 44. Ke3 Rc1 45. Rd2 g5 46. hxg5 hxg5 47. Nc2 Kd6 48. Nd4 Re1+ 49. Kf2 Rh1 50. Kg2 Rc1 51. Nxb5+ Kc5 52. Nd4 Kc4 53. g4 Re1 54. Kf2 Re8 55. Nf5 Kb3 56. Nd4+ Ka2 57. a4 Ra8 58. a5 Ne8 59. Ne6 Nf6 60. Nc5 1-0

[Event "CAN-ch University"]
[Site "London"]
[Date "2017.01.15"]
[Round "4"]
[White "Fu, James"]
[Black "Caen, Andy"]
[Result "1-0"]
[WhiteElo "2228"]
[BlackElo "2113"]
[PlyCount "99"]
[EventDate "2017.01.14"]
[EventType "swiss"]
[EventRounds "5"]
[EventCountry "CAN"]
[SourceTitle "EXT 2022"]
[Source "ChessBase"]
[SourceDate "2021.10.06"]
[SourceVersion "1"]
[SourceVersionDate "2021.10.06"]
[SourceQuality "1"]

1. e4 e6 2. Nc3 d5 3. d3 Nf6 4. e5 Nfd7 5. f4 c5 6. g3 Nc6 7. Bh3 h5 8. Nf3 h4 9. g4 b5 10. 0-0 b4 11. Ne2 Ba6 12. Be3 Qb6 13. Bf2 d4 14. Nd2 g5 15. fxg5 Ncxe5 16. Nf4 Bb7 17. Re1 Be7 18. Ne4 Bxe4 19. Rxe4 Bxg5 20. Qe2 Qd6 21. Bg2 0-0-0 22. Nh3 Rdg8 23. Re1 f6 24. c3 Be3 25. Bxe3 dxe3 26. d4 Nf7 27. Qxe3 e5 28. dxc5 Qe6 29. c6 Nb6 30. Qe2 Qxa2 31. Rxb4 Nd6 32. Rf1 Ne8 33. Qd3 Qa5 34. Rd1 Qc5+ 35. Kh1 Nc7 36. Qf3 Rh6 37. Nf2 h3 38. Bxh3 Rgh8 39. g5+ Rxh3 40. Nxh3 fxg5 41. Qf5+ Kb8 42. Qf6 Rc8 43. Rd8 Nb5 44. Nxg5 a5 45. Rxc8+ Nxc8 46. Ne4 Qd5 47. Qg7 Ncd6 48. Rxb5+ Qxb5 49. c7+ Ka8 50. Nxd6 1-0

[Event "CAN-ch University"]
[Site "London"]
[Date "2017.01.14"]
[Round "3"]
[White "Gibson, Kevin"]
[Black "Fu, James"]
[Result "0-1"]
[WhiteElo "2189"]
[BlackElo "2228"]
[PlyCount "116"]
[EventDate "2017.01.14"]
[EventType "swiss"]
[EventRounds "5"]
[EventCountry "CAN"]
[SourceTitle "EXT 2022"]
[Source "ChessBase"]
[SourceDate "2021.10.06"]
[SourceVersion "1"]
[SourceVersionDate "2021.10.06"]
[SourceQuality "1"]

1. d4 Nc6 2. d5 Ne5 3. f4 Ng6 4. e4 d6 5. Nf3 Nf6 6. Bd3 e6 7. dxe6 fxe6 8. 0-0 Be7 9. Nc3 0-0 10. Bc4 Nxe4 11. Nxe4 d5 12. f5 dxe4 13. Qxd8 Bxd8 14. Nd4 Ne5 15. Bxe6+ Bxe6 16. Nxe6 Rf7 17. Nc5 Be7 18. Nxe4 Raf8 19. Ng3 h5 20. Bf4 Bc5+ 21. Kh1 Ng4 22. h3 Nf2+ 23. Kh2 h4 24. Ne2 Rxf5 25. b4 Bb6 26. c4 Nd3 27. c5 Nxf4 28. cxb6 axb6 29. Nxf4 Rxf4 30. Rxf4 Rxf4 31. Rc1 c6 32. a3 Kf7 33. Rd1 Ke7 34. Re1+ Kd7 35. Rd1+ Ke6 36. Rd8 Rf7 37. Rh8 g5 38. Rg8 Kf6 39. g3 hxg3+ 40. Kxg3 Rg7 41. Re8 Re7 42. Rf8+ Kg7 43. Rb8 Kf6 44. Kg4 c5 45. bxc5 bxc5 46. Rf8+ Ke5 47. Rc8 Kd4 48. Kxg5 Rg7+ 49. Kf4 Rh7 50. Kg4 c4 51. h4 c3 52. h5 Rh6 53. Rd8+ Kc4 54. Rc8+ Kb3 55. Rc7 Rb6 56. Kg5 c2 57. h6 Rc6 58. Rxb7+ Ka2 0-1

[Event "CAN-ch University"]
[Site "London"]
[Date "2017.01.14"]
[Round "1"]
[White "Tomb, Maroun"]
[Black "Fu, James"]
[Result "1-0"]
[WhiteElo "2227"]
[BlackElo "2228"]
[PlyCount "109"]
[EventDate "2017.01.14"]
[EventType "swiss"]
[EventRounds "5"]
[EventCountry "CAN"]
[SourceTitle "EXT 2022"]
[Source "ChessBase"]
[SourceDate "2021.10.06"]
[SourceVersion "1"]
[SourceVersionDate "2021.10.06"]
[SourceQuality "1"]

1. e4 Nc6 2. d3 e5 3. Nf3 Bc5 4. Be2 d6 5. c3 Nge7 6. Nbd2 Ng6 7. b4 Bb6 8. Nc4 0-0 9. a4 a6 10. Nxb6 cxb6 11. 0-0 h6 12. Be3 f5 13. b5 axb5 14. axb5 Rxa1 15. Qxa1 Nce7 16. Qa7 fxe4 17. dxe4 Nf4 18. Bc4+ Kh7 19. Qxb6 Qd7 20. Bxf4 Rxf4 21. Rd1 Qg4 22. Qxd6 Rxf3 23. Be2 Rf6 24. Bxg4 Rxd6 25. Rxd6 Bxg4 26. f3 Bc8 27. Kf2 Kg8 28. Ke3 Kf7 29. Kd3 Ng6 30. g3 Nf8 31. f4 Nd7 32. f5 Nf6 33. Rd8 Bd7 34. c4 g6 35. fxg6+ Kxg6 36. Rb8 Bh3 37. Rxb7 Bg2 38. Rb6 Bxe4+ 39. Ke2 Kf5 40. Rd6 h5 41. b6 Bb7 42. Ke1 e4 43. Rd8 Ke5 44. Rb8 Bc6 45. b7 Kf5 46. h3 e3 47. Ke2 h4 48. gxh4 Ke4 49. Re8+ Bxe8 50. b8Q Bh5+ 51. Ke1 Bf3 52. Qb7+ Kf4 53. Qc7+ Kf5 54. Qc5+ Kf4 55. Qg5+ 1-0

[Event "North American-ch U20"]
[Site "Kitchener"]
[Date "2014.08.02"]
[Round "6.10"]
[White "Fu, James"]
[Black "Song, Guannan Terry"]
[Result "0-1"]
[WhiteElo "2098"]
[BlackElo "1931"]
[PlyCount "112"]
[EventDate "2014.07.31"]
[EventType "swiss"]
[EventRounds "9"]
[EventCountry "CAN"]
[SourceTitle "EXT 2022"]
[Source "ChessBase"]
[SourceDate "2021.10.06"]
[SourceVersion "1"]
[SourceVersionDate "2021.10.06"]
[SourceQuality "1"]

1. d4 Nf6 2. Nf3 c5 3. d5 b5 4. c4 Bb7 5. Nbd2 bxc4 6. e4 e6 7. dxe6 dxe6 8. e5 Nd5 9. Bxc4 Be7 10. 0-0 0-0 11. b3 Nc6 12. Bb2 a5 13. Re1 a4 14. bxa4 Ndb4 15. Re3 Qa5 16. Bb5 Rfd8 17. Qb3 Qa7 18. Nc4 Na5 19. Nxa5 Qxa5 20. Bc3 Qa7 21. Nd2 Bg5 22. Re2 Nd3 23. Qc4 Nf4 24. Re4 Bd5 25. Qf1 Qb7 26. Rae1 Nh3+ 27. gxh3 Bxd2 28. Bxd2 Bxe4 29. Bg5 Rd4 30. Be3 Rd5 31. f3 Bc2 32. f4 Bxa4 33. Bc4 Rdd8 34. f5 exf5 35. Qxf5 Rd1 36. Rxd1 Bxd1 37. Bd3 g6 38. Qf6 Qf3 39. Qg5 Rxa2 40. Bxc5 Qxd3 41. e6 fxe6 42. Qf6 Qf5 43. Qd8+ Kg7 44. Qd7+ Kh6 45. Be3+ g5 46. Qxd1 Qxh3 47. Bd2 Qf5 48. Qe1 Rb2 49. h4 Rb1 50. Bxg5+ Kg6 51. Bc1 Qc5+ 52. Kh2 Qc2+ 53. Kg3 Rb3+ 54. Be3 Qe4 55. h5+ Kg7 56. Qa1+ Kg8 0-1

[Event "North American-ch U20"]
[Site "Kitchener"]
[Date "2014.08.02"]
[Round "5.9"]
[White "Liao, Simone"]
[Black "Fu, James"]
[Result "1/2-1/2"]
[WhiteElo "2027"]
[BlackElo "2098"]
[PlyCount "120"]
[EventDate "2014.07.31"]
[EventType "swiss"]
[EventRounds "9"]
[EventCountry "CAN"]
[SourceTitle "EXT 2022"]
[Source "ChessBase"]
[SourceDate "2021.10.06"]
[SourceVersion "1"]
[SourceVersionDate "2021.10.06"]
[SourceQuality "1"]

1. e4 Nc6 2. f4 e5 3. Nf3 d6 4. Bb5 Bd7 5. 0-0 Nf6 6. d3 exf4 7. Bxf4 Be7 8. c3 d5 9. Bxc6 Bxc6 10. e5 Nd7 11. a4 Nc5 12. b4 Ne6 13. Be3 0-0 14. Nbd2 d4 15. Nxd4 Nxd4 16. Bxd4 Bxb4 17. Qg4 Be7 18. Nc4 Bg5 19. e6 Bd5 20. Rf5 Bxe6 21. Qxg5 f6 22. Qf4 Bxf5 23. Qxf5 Re8 24. Rf1 b6 25. Qg4 Kh8 26. Qg3 c5 27. Bf2 Qd7 28. a5 Re6 29. Rb1 Qa4 30. axb6 axb6 31. h3 Rd8 32. Rxb6 Rxb6 33. Nxb6 Qa1+ 34. Kh2 Qxc3 35. Nd7 h5 36. Nxc5 Rd5 37. Ne6 Qe5 38. Nf4 h4 39. Qxh4+ Kg8 40. Bg3 Rd7 41. Qg4 Ra7 42. Ng6 Qe8 43. d4 Ra1 44. d5 Qe3 45. Qe6+ Qxe6 46. dxe6 Ra6 47. e7 Kf7 48. h4 Ra8 49. h5 Ra5 50. Bd6 Rxh5+ 51. Kg1 Rd5 52. Bb4 Rd4 53. Bc5 Re4 54. Nf8 Ke8 55. Kf2 Re5 56. Bd6 Re4 57. Kf3 f5 58. Bc5 Re5 59. Bb4 Re4 60. Bc5 Re5 1/2-1/2

[Event "North American-ch U20"]
[Site "Kitchener"]
[Date "2014.08.01"]
[Round "4.10"]
[White "Fu, James"]
[Black "Nasir, Pi"]
[Result "1/2-1/2"]
[WhiteElo "2098"]
[BlackElo "1854"]
[PlyCount "123"]
[EventDate "2014.07.31"]
[EventType "swiss"]
[EventRounds "9"]
[EventCountry "CAN"]
[SourceTitle "EXT 2022"]
[Source "ChessBase"]
[SourceDate "2021.10.06"]
[SourceVersion "1"]
[SourceVersionDate "2021.10.06"]
[SourceQuality "1"]

1. d4 e6 2. Nf3 b6 3. b3 g6 4. Bb2 Bg7 5. Nbd2 Ne7 6. e3 d6 7. Bd3 Bb7 8. Qe2 a5 9. 0-0 0-0 10. a3 Nd7 11. c4 e5 12. Rfd1 exd4 13. exd4 Re8 14. Re1 Nf5 15. Qf1 Rxe1 16. Rxe1 Nh4 17. Be4 Nxf3+ 18. Bxf3 Bxf3 19. Nxf3 Qf8 20. Bc1 Re8 21. Bg5 h6 22. Bh4 g5 23. Bg3 Re7 24. Qd3 Rxe1+ 25. Nxe1 Qe7 26. Kf1 Qf6 27. Nc2 Nf8 28. d5 Nd7 29. b4 a4 30. Ne3 Qa1+ 31. Ke2 Qb2+ 32. Nc2 Qb3 33. f4 gxf4 34. Bxf4 Qb2 35. Qf5 Ne5 36. Bxe5 Bxe5 37. h3 Bg7 38. Qe4 Kf8 39. Kd1 Bf6 40. c5 Qb1+ 41. Ke2 bxc5 42. bxc5 Qb5+ 43. Qd3 Qxc5 44. Ne3 Qb6 45. Qf5 Qb2+ 46. Kf3 Bg5 47. Qc8+ Kg7 48. Nf5+ Kh7 49. Qxc7 Qb3+ 50. Kf2 Qxd5 51. Qc2 Qc5+ 52. Qxc5 dxc5 53. Nd6 Bc1 54. Nc4 Kg6 55. g4 f6 56. Kg3 Kg5 57. h4+ Kg6 58. Kf3 Kf7 59. Ke4 Ke6 60. h5 Bg5 61. Nb6 Bc1 62. Nc4 1/2-1/2

[Event "North American-ch U20"]
[Site "Kitchener"]
[Date "2014.07.31"]
[Round "2.1"]
[White "Fu, James"]
[Black "Chandra, Akshat"]
[Result "0-1"]
[WhiteElo "2098"]
[BlackElo "2442"]
[PlyCount "110"]
[EventDate "2014.07.31"]
[EventType "swiss"]
[EventRounds "9"]
[EventCountry "CAN"]
[SourceTitle "EXT 2022"]
[Source "ChessBase"]
[SourceDate "2021.10.06"]
[SourceVersion "1"]
[SourceVersionDate "2021.10.06"]
[SourceQuality "1"]

1. d4 Nf6 2. Nf3 d5 3. g3 Bf5 4. Bg2 h6 5. b3 e6 6. Bb2 Be7 7. Nbd2 0-0 8. 0-0 c6 9. Re1 a5 10. a3 c5 11. c4 Nc6 12. cxd5 exd5 13. e3 Ne4 14. Nxe4 dxe4 15. Nd2 cxd4 16. exd4 Nxd4 17. Nxe4 Ne6 18. Qh5 Bg6 19. Qb5 Ra6 20. Rad1 Qb6 21. Bf1 Qxb5 22. Bxb5 Rb6 23. a4 Rc8 24. Nc3 Rd6 25. Nd5 Bf8 26. Be5 Rdd8 27. Bc4 Ng5 28. Bc7 Nf3+ 29. Kf1 Rxd5 30. Bxd5 Nxe1 31. Bxa5 Nd3 32. Bxb7 Rc2 33. Rd2 Rc1+ 34. Kg2 Bc5 35. Re2 Rb1 36. Bd5 Kh7 37. Bc7 h5 38. a5 Ne1+ 39. Kh3 Bf5+ 40. Kh4 f6 41. Kxh5 Rd1 42. Bc6 g6+ 43. Kh4 Kh6 44. g4 Bd3 45. Ra2 Ra1 46. b4 Rxa2 47. bxc5 g5+ 48. Kg3 Ra3 49. f3 Nxf3 50. Bb7 Nd2 51. c6 Be4+ 52. Kf2 Bxc6 53. Bc8 Ne4+ 54. Ke2 Bb5+ 55. Kd1 Bd3 0-1

[Event "Toronto NAYCC U16"]
[Site "Toronto"]
[Date "2013.08.15"]
[Round "3"]
[White "Xu, Grant"]
[Black "Fu, James"]
[Result "1/2-1/2"]
[WhiteElo "2284"]
[BlackElo "2233"]
[PlyCount "136"]
[EventDate "2013.08.14"]
[EventType "swiss"]
[EventRounds "9"]
[EventCountry "CAN"]
[SourceTitle "EXT 2022"]
[Source "ChessBase"]
[SourceDate "2021.10.06"]
[SourceVersion "1"]
[SourceVersionDate "2021.10.06"]
[SourceQuality "1"]

1. Nf3 Nf6 2. g3 g6 3. Bg2 Bg7 4. 0-0 0-0 5. d4 d5 6. c3 b6 7. Nbd2 Bb7 8. a4 a5 9. Ne5 Nbd7 10. Nxd7 Qxd7 11. Qb3 Rfe8 12. Nf3 Ne4 13. Rd1 Rad8 14. Bf4 f6 15. Nd2 Kh8 16. h4 e5 17. dxe5 fxe5 18. Be3 Nf6 19. Bg5 Qe6 20. c4 dxc4 21. Qxc4 Bxg2 22. Kxg2 Rd4 23. Qxe6 Rxe6 24. Rac1 Ne8 25. Nc4 Bf8 26. Be3 Rxd1 27. Rxd1 Nd6 28. Rc1 Kg8 29. Nd2 Re7 30. Rc6 Rd7 31. Nc4 Nxc4 32. Rxc4 c5 33. Kf3 Kf7 34. Ke4 Ke6 35. Rc1 Be7 36. Rh1 h5 37. f3 Rb7 38. Bd2 Rd7 39. Bc3 Bf6 40. e3 c4 41. g4 Rd3 42. g5 Be7 43. Bxe5 Bc5 44. Bd4 Bxd4 45. exd4 Rb3 46. Rc1 Rb4 47. d5+ Kd6 48. Rc3 Rxa4 49. f4 Ra1 50. Rxc4 Re1+ 51. Kd4 Rd1+ 52. Ke3 Kxd5 53. Rc8 Re1+ 54. Kf3 a4 55. Rb8 Rb1 56. Rd8+ Ke6 57. Rf8 Rxb2 58. Rf6+ Ke7 59. Rxg6 a3 60. Rg7+ Ke6 61. Ra7 a2 62. g6 Kf5 63. g7 Rb3+ 64. Kf2 Rb2+ 65. Kg3 Rb3+ 66. Kg2 Rb2+ 67. Kf1 Rb1+ 68. Kf2 Rb2+ 1/2-1/2

[Event "Toronto NAYCC U16"]
[Site "Toronto"]
[Date "2013.08.14"]
[Round "1"]
[White "Li, Robert"]
[Black "Fu, James"]
[Result "0-1"]
[WhiteElo "1847"]
[BlackElo "2233"]
[PlyCount "40"]
[EventDate "2013.08.14"]
[EventType "swiss"]
[EventRounds "9"]
[EventCountry "CAN"]
[SourceTitle "EXT 2022"]
[Source "ChessBase"]
[SourceDate "2021.10.06"]
[SourceVersion "1"]
[SourceVersionDate "2021.10.06"]
[SourceQuality "1"]

1. e4 e5 2. Nf3 Nc6 3. Bc4 Bc5 4. c3 Nf6 5. d3 h6 6. h3 0-0 7. Be3 Bb6 8. Bb3 d5 9. exd5 Nxd5 10. Bxb6 axb6 11. 0-0 Nf4 12. Bc2 Bf5 13. Re1 Re8 14. d4 Bxc2 15. Qxc2 exd4 16. Rd1 d3 17. Qd2 Qf6 18. Nd4 Nxd4 19. cxd4 Re2 20. Qc3 Nxh3+ 0-1

[Event "Wch U14"]
[Site "Caldas Novas"]
[Date "2011.11.19"]
[Round "2"]
[White "Fu, James"]
[Black "Antal, Tibor Kende"]
[Result "0-1"]
[WhiteElo "2074"]
[BlackElo "2352"]
[PlyCount "46"]
[EventDate "2011.11.18"]
[EventType "swiss"]
[EventRounds "9"]
[EventCountry "BRA"]
[SourceTitle "EXT 2013"]
[Source "ChessBase"]
[SourceDate "2012.11.22"]
[SourceVersion "1"]
[SourceVersionDate "2012.11.22"]
[SourceQuality "1"]

1. Nc3 c5 2. e4 Nc6 3. g3 g6 4. Bg2 Bg7 5. Nge2 d6 6. d3 h5 7. h4 Nf6 8. Bg5 Bd7 9. Rb1 Rc8 10. a3 0-0 11. Qd2 Nd4 12. Nxd4 cxd4 13. Ne2 Ng4 14. f3 Ne3 15. Bxe3 dxe3 16. Qxe3 Rxc2 17. b4 Bb5 18. Bf1 Qc7 19. d4 Qb6 20. Rd1 Rfc8 21. Rg1 e5 22. Rg2 exd4 23. Nxd4 Bxd4 0-1

[Event "Canadian op 48th"]
[Site "Toronto"]
[Date "2011.07.15"]
[Round "7"]
[White "Fu, James"]
[Black "Humphreys, Michael"]
[Result "0-1"]
[WhiteElo "2028"]
[BlackElo "2277"]
[PlyCount "190"]
[EventDate "2011.07.09"]
[EventType "swiss"]
[EventRounds "9"]
[EventCountry "CAN"]
[SourceTitle "EXT 2022"]
[Source "ChessBase"]
[SourceDate "2021.10.06"]
[SourceVersion "1"]
[SourceVersionDate "2021.10.06"]
[SourceQuality "1"]

1. e4 c6 2. d4 d5 3. Nc3 dxe4 4. Nxe4 Bf5 5. Ng3 Bg6 6. Nf3 Nd7 7. Bd3 e6 8. 0-0 Bd6 9. Re1 Qc7 10. c4 Bxd3 11. Qxd3 Ngf6 12. a3 Bf4 13. b4 Bxc1 14. Raxc1 0-0 15. Ne5 a5 16. Qb3 Rfd8 17. Nf3 Qd6 18. Re2 axb4 19. axb4 b5 20. cxb5 cxb5 21. Rce1 Nd5 22. Ne4 Qxb4 23. Qxb4 Nxb4 24. Rb1 Nc6 25. Rc2 Ra6 26. g3 b4 27. Rb3 g6 28. Kg2 Kg7 29. h4 Rda8 30. Rbb2 Rb6 31. Rb3 Ra3 32. Ned2 Na5 33. Rxa3 bxa3 34. Ra2 Nb3 35. Rxa3 Nxd2 36. Nxd2 Rd6 37. Nf3 Nf6 38. Ra7 Rd7 39. Ra4 Rb7 40. Ne5 Nd5 41. Ra3 h5 42. Ra2 Nf6 43. Rc2 Ng8 44. Ra2 Ne7 45. Rc2 Nf5 46. Nf3 Rb4 47. Rd2 Rb5 48. Ra2 Rb1 49. Rd2 Ne7 50. Ra2 f6 51. Ra7 Kf7 52. Nd2 Rd1 53. Nb3 Rd3 54. Rb7 f5 55. Kf1 f4 56. gxf4 Rd1+ 57. Kg2 Rb1 58. f5 gxf5 59. Nc5 Rxb7 60. Nxb7 Ng6 61. Kg3 Kf6 62. f4 Ke7 63. Nc5 Kd6 64. Nd3 Kd5 65. Nc5 Nf8 66. Na6 Kxd4 67. Nc7 e5 68. Nb5+ Ke3 69. fxe5 f4+ 70. Kg2 Ne6 71. Nc3 Kd4 72. Nb5+ Ke4 73. Kf2 Nc5 74. Nc3+ Kxe5 75. Kf3 Nb3 76. Ne2 Nd2+ 77. Kf2 Ke4 78. Nc3+ Kf5 79. Ke2 Nc4 80. Nd5 Ne5 81. Kf2 Kg4 82. Kg2 f3+ 83. Kf2 Nd3+ 84. Ke3 f2 85. Ke2 Kg3 86. Ne3 Nc1+ 87. Kf1 Kf3 88. Nf5 Kf4 89. Ng7 Kf3 90. Nf5 Kg4 91. Ne3+ Kf3 92. Nf5 Nd3 93. Nd6 Ne5 94. Nf7 Ng4 95. Ne5+ Kg3 0-1

[Event "Canadian op 48th"]
[Site "Toronto"]
[Date "2011.07.13"]
[Round "5"]
[White "Fu, James"]
[Black "Ye, Stephen"]
[Result "1-0"]
[WhiteElo "2028"]
[BlackElo "1710"]
[PlyCount "97"]
[EventDate "2011.07.09"]
[EventType "swiss"]
[EventRounds "9"]
[EventCountry "CAN"]
[SourceTitle "EXT 2022"]
[Source "ChessBase"]
[SourceDate "2021.10.06"]
[SourceVersion "1"]
[SourceVersionDate "2021.10.06"]
[SourceQuality "1"]

1. e4 c5 2. Nf3 Nc6 3. Nc3 g6 4. g3 Bg7 5. Bg2 Nf6 6. h3 0-0 7. 0-0 d6 8. Re1 a6 9. b3 Bd7 10. Bb2 Rc8 11. Nd5 Re8 12. c4 e5 13. d3 Be6 14. Rb1 Bxd5 15. exd5 Nd4 16. Nxd4 exd4 17. Qd2 Qc7 18. b4 b6 19. bxc5 bxc5 20. Bf3 Nd7 21. Rxe8+ Rxe8 22. Bc1 Ne5 23. Be2 f5 24. Qb2 Qe7 25. Bf1 Ra8 26. Qe2 Qd7 27. f4 Nf7 28. Qe6 Qc7 29. Bd2 Bf8 30. g4 fxg4 31. hxg4 Rb8 32. Ba5 Qc8 33. Rb6 Qd8 34. Rb7 Qe8 35. Bg2 Qxe6 36. dxe6 Rxb7 37. Bxb7 Be7 38. exf7+ Kxf7 39. Bxa6 h5 40. Kg2 h4 41. Bb5 Ke6 42. Bc6 g5 43. Bd2 gxf4 44. Bxf4 Bd8 45. Kh3 Ba5 46. Kxh4 Kf6 47. Kh5 Kg7 48. Bxd6 Bb4 49. a4 1-0

[Event "Canadian op"]
[Site "Toronto"]
[Date "2010.07.14"]
[Round "5"]
[White "Fu, James"]
[Black "Sly, Douglas"]
[Result "1-0"]
[WhiteElo "1978"]
[BlackElo "1628"]
[PlyCount "79"]
[EventDate "2010.07.10"]
[EventType "swiss"]
[EventRounds "9"]
[EventCountry "CAN"]
[SourceTitle "EXT 2022"]
[Source "ChessBase"]
[SourceDate "2021.10.06"]
[SourceVersion "1"]
[SourceVersionDate "2021.10.06"]
[SourceQuality "1"]

1. e4 d6 2. d4 c6 3. Nc3 Qc7 4. Nf3 Bg4 5. Be2 Nd7 6. h3 Bxf3 7. Bxf3 e5 8. 0-0 Ngf6 9. g3 Be7 10. Bg2 b5 11. dxe5 dxe5 12. Kh2 Rd8 13. f4 b4 14. Nb1 Nc5 15. Qe1 Bd6 16. f5 0-0 17. g4 Na4 18. g5 Nh5 19. Qh4 Nf4 20. Bf3 Qb6 21. Nd2 Qb5 22. b3 Nb6 23. a4 bxa3 24. f6 Bb4 25. Rf2 Rd6 26. c4 Qa5 27. Nf1 Bc5 28. Rfa2 Qc3 29. fxg7 Rfd8 30. Bxf4 exf4 31. Qxf4 Rd3 32. Kg2 Qd4 33. h4 Qxg7 34. Re1 Rxb3 35. Ng3 Rb2+ 36. Re2 Nxc4 37. Nf5 Rxe2+ 38. Rxe2 Qf8 39. Nh6+ Kh8 40. Qf6+ 1-0

[Event "CAN-ch U12"]
[Site "Victoria"]
[Date "2009.07.22"]
[Round "4"]
[White "Wang, Richard"]
[Black "Fu, James"]
[Result "1/2-1/2"]
[WhiteElo "2045"]
[BlackElo "1806"]
[PlyCount "139"]
[EventDate "2009.07.21"]
[EventType "swiss"]
[EventRounds "7"]
[EventCountry "CAN"]
[SourceTitle "EXT 2011"]
[Source "ChessBase"]
[SourceDate "2010.11.26"]
[SourceVersion "1"]
[SourceVersionDate "2010.11.26"]
[SourceQuality "1"]

1. d4 Nf6 2. Nf3 e6 3. Bg5 Be7 4. Nbd2 d5 5. e3 0-0 6. Bd3 b6 7. c3 Bb7 8. Ne5 Nbd7 9. Qf3 c5 10. Qh3 Ne4 11. Bxe7 Qxe7 12. Nxd7 Qxd7 13. f3 Ng5 14. Qh5 h6 15. h4 Nh7 16. g4 f5 17. g5 Qe8 18. Qxe8 Raxe8 19. f4 h5 20. Bb5 Re7 21. a4 c4 22. a5 a6 23. Ba4 b5 24. Bd1 g6 25. Nf3 Rc8 26. Ne5 Kg7 27. Kd2 Nf8 28. b3 Nd7 29. bxc4 dxc4 30. Rf1 Nxe5 31. fxe5 Rec7 32. Bf3 Rf8 33. Rab1 Rff7 34. Bxb7 Rxb7 35. Ke2 Rf8 36. Kf3 Rfb8 37. Rb4 Rf8 38. Rbb1 Rfb8 39. e4 b4 40. cxb4 Rxb4 41. Rxb4 Rxb4 42. exf5 gxf5 43. Rc1 Kg6 44. Ke2 f4 45. Kd2 Ra4 46. Kc3 Kf5 47. Rg1 Kg6 48. Rf1 Kf5 49. g6 Ra3+ 50. Kxc4 Rg3 51. d5 exd5+ 52. Kxd5 Rxg6 53. Re1 Re6 54. Kd4 f3 55. Rg1 Kf4 56. Rf1 Rxe5 57. Rxf3+ Kxf3 58. Kxe5 Kg4 59. Ke4 Kxh4 60. Kf4 Kh3 61. Kf3 h4 62. Kf2 Kg4 63. Kg2 Kf4 64. Kh3 Ke4 65. Kxh4 Kd4 66. Kg3 Ke3 67. Kg4 Kd3 68. Kf3 Kc3 69. Ke4 Kb4 70. Kd3 1/2-1/2